000 01025nam a2200253 i 4500
001 bg
245 0 0 _aSłownik biograficzny techników polskich.
_nT. 18 /
_c[red. nacz. Józef Piłatowicz] ; Federacja Stowarzyszeń Naukowo-Technicznych, Muzeum Techniki.
260 _aWarszawa :
_bNaczelna Organizacja Techniczna - Federacja Stowarzyszeń Naukowo-Technicznych,
_c2007.
300 _a217 s. :
_bportr. ;
_c24 cm.
500 _aNa s. red. błędny ISBN.
504 _aBibliogr. przy hasłach. Indeks.
650 9 _aInżynierowie
_xbiografie
_zPolska
650 9 _aPracownicy naukowi
_xbiografie
_zPolska
700 1 _aPiłatowicz, Józef.
_eRed.
020 _a8385001328
_z8385001378
040 _cBPK
041 0 _apol
044 _aPOL
080 _a62:378.12:929-052](438)"15/19"
920 _a83-85001-32-8
_z83-85001-37-8
942 _cKS
008 s pl f |000 0 pol
999 _c54801
_d54801
856 _uhttp://koha.tu.koszalin.pl/cgi-bin/koha/opac-detail.pl?biblionumber=54801
_yKatalog online BPK